Dictamen y bases para la organización del personal administrativo de las cárceles y presidios de España / (Record no. 173700)

MARC details
000 -LEADER
campo de control de longitud fija 00991nam a2200181 i 4500
001 - NÚMERO DE CONTROL
campo de control 173700
003 - IDENTIFICADOR DE NÚMERO DE CONTROL
campo de control ES-MaACL
005 - FECHA Y HORA DE LA ÚLTIMA TRANSACCIÓN
campo de control 20230906215323.0
008 - DATOS DE LONGITUD FIJA--INFORMACIÓN GENERAL
campo de control de longitud fija 100112s1877 sp |||| | spa d
245 00 - MENCIÓN DEL TÍTULO
Título Dictamen y bases para la organización del personal administrativo de las cárceles y presidios de España /
Mención de responsabilidad, etc. presentados por la Comisión Especial nombrada para redactar una memoria para el Congreso Internacional Penitenciario de Estocolmo.
260 ## - PUBLICACIÓN, DISTRIBUCIÓN, ETC.
Lugar de publicación, distribución, etc. Barcelona :
Nombre del editor, distribuidor, etc. [s.n.],
Fecha de publicación, distribución, etc. 1877 (
Fabricante Est. Tip. de la Renaixensa)
300 ## - DESCRIPCIÓN FÍSICA
Extensión 32 p. ;
Dimensiones 22 cm.
594 ## - Nota al título y mención de responsabilidad
Nota al título y mención de responsabilidad Precede al tít.: Academia de Legislación y Jurisprudencia de Barcelona.
650 #4 - PUNTO DE ACCESO ADICIONAL DE MATERIA--TÉRMINO DE MATERIA
Término de materia o nombre geográfico como elemento de entrada Establecimientos penitenciarios-
Subdivisión general Personal.
9 (RLIN) 150562
710 2# - ENTRADA AGREGADA--NOMBRE DE ENTIDAD CORPORATIVA
Nombre de entidad corporativa o nombre de jurisdicción como elemento de entrada Academia de Jurisprudencia y Legislación de Barcelona.
9 (RLIN) 1182
711 2# - ENTRADA AGREGADA--NOMBRE DE REUNIÓN
Nombre de congreso/reunión o jurisdicción como elemento de entrada Congreso Penitenciario Internacional (
Fecha del congreso o de la firma del tratado 1878.
Sede del congreso/Lugar de la reunión Estocolmo)
9 (RLIN) 165779
852 ## - LOCALIZACIÓN
Ubicación ES-MaACL
Número de control de estantería D-165(17)
Nota libre - Enc. en un vol. facticio, en lomo: Estudios penitenciarios, 5
-- . - Donativo Lastres
Holdings
Estatus retirado Estado de pérdida Estado de daño No para préstamo Colección Biblioteca de origen Biblioteca actual Ubicación en estantería Fecha de adquisición Fuente de adquisición Total de préstamos Signatura topográfica completa Código de barras Visto por última vez Precio de reemplazo Tipo de ítem Koha
        Libros del s. XIX Biblioteca del Ateneo de Madrid Biblioteca del Ateneo de Madrid Sala Valle Inclán 12/01/2010     D-165(17) 901182296 23/02/2023 23/02/2023 Libro impreso antiguo